[Event "Cairo Elnokhba (Women)"]
[Site "Cairo"]
[Date "2011.04.19"]
[Round "9"]
[White "Mahmoud, Maha"]
[Black "Abdel Moniem, Amany"]
[Result "1/2-1/2"]
[WhiteElo "1787"]
[BlackElo "1780"]
[PlyCount "42"]
[EventDate "2011.04.10"]
[EventType "swiss"]
[EventRounds "9"]
[EventCountry "EGY"]
[SourceTitle "EXT 2012"]
[Source "ChessBase"]
[SourceDate "2011.11.24"]
[SourceVersion "1"]
[SourceVersionDate "2011.11.24"]
[SourceQuality "1"]

1. e4 e5 2. Nf3 Nc6 3. d4 exd4 4. Bc4 h6 5. 0-0 d6 6. Nxd4 Nxd4 7. Qxd4 Qf6 8. Qd3 Be6 9. Nc3 Qd8 10. Bxe6 fxe6 11. Qb5+ c6 12. Qh5+ Kd7 13. Be3 Nf6 14. Qf3 e5 15. b4 Qe8 16. b5 Qh5 17. bxc6+ bxc6 18. Qd1 Qxd1 19. Rfxd1 Be7 20. Rab1 Kc7 21. f3 Rhd8 1/2-1/2